000 01001aab a2200193 i 4500
001 768714001
003 CO-MdFUSB
005 20240423162321.0
008 240423t1994 ag ||||| |||| 00| 0 spa d
040 _bspa
_cCO-MdFUSB
041 _aspa
100 1 _aStam B., Juan
_eautor
245 3 _aLa Escritura sola, la gracia sola
_c/ Juan Stam B.
300 _aVolumen 13, número 1 (enero - marzo, 1994) páginas: 1 - 2
_c; 27 cm
520 _aMartín Lutero abogó con firmeza y pasión por la autoridad exclusiva, inalterada y última de la palabra de Dios en su forma cuidadosa y evangélica. Sólo el evangelio y las Escrituras pueden tener autoridad sobre la conciencia del creyente. La Biblia y la gracia redentora de Dios nos han dado libertad de cualquier autoridad impuesta que busque imponer su propia conciencia.
650 7 _aTeología dogmática
_96937
773 0 _tIglesia y Misión
_049402
_959648
_gVolumen 13, número 1 (enero - marzo, 1994) páginas: 1 - 2
_qpágina: 1
942 _cANA
999 _c52042
_d52042